000 00462nam a2200157 a 4500
001 000037232
005 20200930080227.0
008 120315s2012 dr 000 0 spa d
040 _aDO-SdBNP
_bspa
_cBNPHU
082 _axxxx
_bxxxx
100 1 _aSenois Matos, Santo
_963646
245 1 0 _aSagrario :
_bla otra mariposa /
_cSanto Senois Matos.
260 _aSanto Domingo, :
_bImpresos Peniel,
_c2012.
300 _a48 p. ;
_c21 cm.
504 _aBibliografía : p. 48
999 _c36722
_d36722